002420000a220007300045001000021000002450072000213000053000937730022001461 aKallai, Zecharia10aBiblical historiogaphy and literary history : A programmatic survey aVol. 49, Num. 3 (Julio, 1999), Páginas 338-3500 tVetus Testamentum